Statystyki dla Mapa Europy Quizu

Kliknij tutaj aby rozwiązać quiz!

Ogólne statystyki

  • Ten quiz został rozwiązany 9,292 razy
  • Średni wynik to 34 z 45

Odpowiedzi na mapie

Odpowiedzi skodowane kolorowo w zielono-czerwonej skali na mapie do tego quizu, zgodnie z poniższymi procentami.
Ładowanie ...
 

Statystyki odpowiedzi

Answer % Correct
Polska
92%
Hiszpania
92%
Francja
92%
Wlochy
92%
Rosja
92%
Niemcy
91%
Wielka Brytania
90%
Islandia
90%
Portugalia
90%
Irlandia
89%
Dania
87%
Grecja
87%
Finlandia
86%
Litwa
86%
Ukraina
85%
Norwegia
84%
Czechy
83%
Szwecja
82%
Estonia
82%
Belgia
82%
Bialorus
82%
Slowacja
81%
Lotwa
80%
Austria
78%
Holandia
76%
Luksemburg
74%
Watykan
73%
Szwajcaria
72%
Chorwacja
70%
Rumunia
70%
Malta
67%
Liechtenstein
65%
Bulgaria
63%
Wegry
63%
Monako
62%
San Marino
61%
Andora
59%
Moldawia
59%
Kosowo
57%
Serbia
55%
Bosnia i Hercegowina
55%
Slowenia
55%
Albania
54%
Macedonia
46%
Czarnogóra
44%

Rozkład punktacji

Percentyl według liczby udzielonych odpowiedzi

Procent ludzi z każdym wynikiem

Twoja historia wyników

Nie rozwiązałeś tego quizu